000 00280nam a22001337a 4500
008 180312b xxu||||| |||| 00| 0 eng d
020 _a2900195445830
041 _aeng
080 _a37
100 _a25
101 _aEDU
245 _aMAKING SENSE
_cMARGOT.N
942 _2udc
_cBK
999 _c44805
_d44805